000
00307 a2200109 4500
001
ART_10189
005
20260410161848.0
008
260409a
245
1
0
_a
Cambio tecnológico y precios
100
1
_a
Reca, Lucio G.
773
0
_t
Económica
_g
- Año XVI, Nº1 (ene./abr. 1970)
_w
REV7541
999
_c
24723
_d
24723